01727cam a2200421 a 4500999001700000001000900017003000400026005001700030008004100047010001700088020002400105025002000129035002700149037005300176040001800229042001500247043001200262082001700274100003200291245004900323246001800372250007900390260006200469300003400531500005500565500002200620505008500642650002800727650002200755700002100777906004500798942001200843952009000855952009000945952009001035952009001125952009001215 c27701d2770117393840OSt20250303123149.0120217s2010 ii 001 0 eng  a 2012354726 a9788180386497 (set) aI-E-2012-354726 a(IN-NdUBS) 2012354726 bLibrary of Congress -- New Delhi Overseas Office aDLCcDLCdDLC alcodeapcc aa-ii--- a347.7bR16551 aRamaiya, Arunachala,d1894-10aGuide to the Companies Act /cby A. Ramaiya.30aCompanies Act a17th ed., thoroughly rev. /bgeneral editor, Arvind P. Datar ... [et al.]. aGurgaon :bLexis Nexis Butterworths Wadhwa Nagpur,c2010. a3 v. (dxxvii, 6044) ;c25 cm. aAccompanied by Appendices. 6 pts. (p. 6241-15959). aIncludes indexes.0 apt. 1. Secs. 1 to 145 -- pt. 2. Secs. 146 to 377 -- pt. 3. Secs. 378 to Sch. XV. 0aCorporation lawzIndia. 0aCompany law958181 aDatar, Arvind P. a7bcbccorigoded2encipf20gy-gencatlg 2ddccBK 00102ddc4070aCLbCLd2025-03-03o347.7 R1655pPR00274r2025-03-03w2025-03-03yBK 00102ddc4070aCLbCLd2025-03-03o347.7 R1655pPR00275r2025-03-03w2025-03-03yBK 00102ddc4070aCLbCLd2025-03-03o347.7 R1655pPR00276r2025-03-03w2025-03-03yBK 00102ddc4070aCLbCLd2025-03-03o347.7 R1655pPR00277r2025-03-03w2025-03-03yBK 00102ddc4070aCLbCLd2025-03-03o347.7 R1655pPR00278r2025-03-03w2025-03-03yBK